000 00428nam a2200157 i 4500
001 52040
003 ES-MaACL
005 20230906162509.0
007 t|
008 030825s1917 fr ||||1| fre d
100 1 _aChivas Baron, Cl.
_938569
245 1 0 _aContes et légendes de l'Annam /
_cCl. Chivas Baron.
260 _a[S.l. :
_bs.n.,
_c1917] (
_eTours :
_fManie)
300 _a238 p. ;
_c19 cm.
852 _aES-MaACL
_jF-5903
999 _c52040
_d52040